00391nam a2200133Ia 450000500170000000800410001708200140005810000150007224500940008726000420018130000110022365000120023465000110024620240402010145.0240331s9999 xx 000 0 und d bHENa330. aHensman, R 0aWorker's rights in a globalised world economy :ba manual for activistscRohini, Hensman. aManchester.bWomen working worldwide  a52 p., aEconomy aRights